000 00351nam a2200133Ia 4500
008 240624s9999 xx 000 0 und d
041 _aeng
082 _a658.4 MIL
100 _aMILLS HARRY
245 _aSTREETSMART NEGOTIATOR HOW TO OUTWIT OUT
260 _c2008
_aNew Delhi
_bPHI Learning
300 _axii, : 194 : p. : cm. ; 22
365 _cRS
_b25
999 _c16794
_d16794